00470nam a2200157Ia 45000030006000000080041000060400015000471000019000622450028000812600018001095460012001279420012001399990017001510050017001689520127001850STCL150530s9999 xx 000 0 und d aSTCLcSTCL aPercival Spear aHistory of India vol II bPenguinc1977 aEnglish 2ddccBK c71240d7124020220125171450.0 00102ddc4070aSTCALbSTCALcGENd2015-05-30g15.00l1o954.2-39p36080r2017-01-11 00:00:00s2017-01-09w2015-05-30yBK